00309nam a2200121Ia 4500008004100000041000800041082001600049100001800065245003000083260003400113300003100147365000900178240624s9999 xx 000 0 und d aeng a658.049 AXF aAXFORD BARRIE aTHEORIES OF GLOBALIZATION c2013aCambridgebPolity Press avii, : 235 : p. : cm. ; 24 cb25